Largest European Cities Beggining with the letter G - Map Quiz - Statistics

General Stats
  • This quiz has been taken 49 times
  • The average score is 11 of 20
Answers on the Map
Answers color-coded by a green-red scale on the quiz's map according to % correct below.
 
Answer Stats
Population Country City % Correct
622820 United Kingdom Glasgow
98%
486492 Poland Gdansk
96%
201741 Switzerland Geneva
85%
562549 Ilaty Genoa
85%
265086 Belgium Gent
83%
298479 Austria Graz
78%
157477 France Grenoble
74%
230595 Spain Grenada
70%
238147 Nteherlands Groningen
70%
267706 Spain Gijon
54%
604616 Sweden Goteborg
50%
242141 Poland Gdynia
48%
265885 Germany Gelsenkirchen
46%
501102 Belarus Gomel
43%
183219 Spain Getafe
30%
356900 Belarus Grodno
24%
132111 Hungary Gyor
24%
217851 Romania Galati
22%
171023 Poland Gliwice
13%
158124 Portugal Guimaraes
7%
No matching quizzes found
Score Distribution
Percent of People with Each Score
Percentile by Number Answered
Your Score History
You have not taken this quiz